000 00602nam a22001697a 4500
005 20260420150302.0
008 260420b |||||||| |||| 00| 0 eng d
020 _a978-1-4987-2096-0
050 _aQA 279 .F 37 2016
100 _aFARAWAY, JULIAN J
245 _aTEXTS IN STATISCAL SCIENCE EXTENDING THE LINEAR MODEL WITH R:GENERALIZED LINEAR, MIXED EFFECTS AND NONPARAMETRIC REGRESSION MODELS
250 _a2
260 _aBOCA RATON LONDON,
_bCRC PRESS TAYLOR & FRANCIS GROUP,
_c2016,
300 _aXiii, 394 P, ILL
500 _aINCLUDES BIBLIOGRAPHICAL REFERENCES AND INDEX
942 _2lcc
_cBK
999 _c217026
_d217026